Does Australia Have... - Statistics

General Stats
  • This quiz has been taken 22 times
  • The average score is 12 of 20
Answer Stats
Hint Explanation Answer % Correct
The World's Most Venomous Snake The Inland Taipan can kill over 100 men with a single bite Yes
95%
Snow That You Can Ski On In The Australian Alps Yes
90%
The World's Southernmost Capital City Canberra ranks #2, after Wellington, New Zealand No
85%
5 Cities With Over One Million People Sydney, Melbourne, Brisbane, Perth and Adelaide Yes
80%
10,000 Islands Australia has 8,222 islands, but only 19 are inhabited No
70%
A Disney Park There are no Disney Parks in the Southern Hemisphere No
70%
Penguins They are on the Southern Coast sometimes Yes
70%
A City Settled By The French While the French did map Western Australia, they never settled there. No
65%
More Kangaroos Than People Google places the kangaroo population at 30-50M Yes
65%
The World's Most Streamed Show Bluey was watched for 25 Billion minutes from January to June 2025 Yes
65%
A Claim Of Antarctica The Australian Antarctic Territory covers about 42% of the continent Yes
60%
Active Volcanoes There are no active volcanoes on the mainland, but the territory of Heard Island and McDonald Islands has two active volcanoes Yes
55%
A Life Expectancy That Ranks In The Top 5 Globally The average Australian is expected to live 84 years Yes
55%
Spiders That Can Open Doors Huntsman Spiders are able to Yes
50%
Ten Million Annual Tourists Australia hit around 8.7 Million in 2024 No
40%
A Megacity Sydney, Australia's largest city has only 5 million people No
40%
The Highest GDP Of Any Country Mostly South Of The Equator Brazil takes top spot, beating Australia by $450 Billion and 4 Ranks No
35%
The Highest Number Of Venomous Species In The World First is Mexico, then Brazil, then Australia No
30%
A Coastline That Ranks In The Top 5 Globally Australia's coastline ranks #7 in the world No
20%
The World's Largest Spider By Mass Brazil has the world's largest spider by mass, but Australia has the world's largest spider by leg span No
15%
No matching quizzes found
Score Distribution
Percent of People with Each Score
Percentile by Number Answered
Your Score History
You have not taken this quiz